000 00776nam a2200229Ii 4500
003 JO-AjNU
008 230605s9999||||xx |||||||||||||| ||und||
017 _a2009/2/616
040 _aJO-AjNU
_bara
_erda
_cJO-AjNU
041 _aara
050 1 4 _aPJ6696.Z5.S2534 2009
100 3 _aالسامرائي، فاضل صالح,
_eauthor
_931566
245 0 0 _aبلاغة الكلمة في التعبير القرآني
250 _aط5
264 3 1 _aعمان: دار عمار، 2009
300 _a152ص
336 _atext
_btxt
_2rdacontent
337 _aunmediated
_bn
_2rdamedia
338 _avolume
_bnc
_2rdacarrier
490 0 _aدراسات بيانية في الأسلوب القرآني (2)
650 4 _aالبلاغة العربية- إعجاز القرآن
_931567
999 _aA12639
_c16207
_d16207